| 000 | 00845nam a22002057a 4500 | ||
|---|---|---|---|
| 999 |
_c9038 _d9038 |
||
| 003 | AR-CdUCM | ||
| 008 | 190327b ||||| |||| 00| 0 spa d | ||
| 040 |
_aMUNICIPALIDAD PROVINCIAL DEL CUSCO _cBIBLIOTECA MUNICIPAL DEL CUSCO |
||
| 082 |
_a537.5 / _bL37 |
||
| 100 |
_aLaunois, Daniel _924997 |
||
| 245 | _aLa electrónica cuántica / | ||
| 260 |
_aBarcelona : _bOikos-Tau, _c1970. |
||
| 300 |
_a128 paginas ; _bDiagramas, _c18 cm. |
||
| 505 | _aContenido :Interacción radiación-materia --Coherencia de una radiación electromagnética --Generalidades sobre los medios utilizados para crear una inversión de población --Efecto maser --El maser --Los lasers --Aplicacion de los masers y lasers / | ||
| 650 |
_aElectrónica cuántica _924998 |
||
| 650 |
_aLasers _924999 |
||
| 650 |
_aMasers _925000 |
||
| 942 |
_2ddc _cLIBROS |
||
| 945 | _arjall | ||